Sitcoms by Opening Line II Quiz Stats

 Plays Quiz Updated May 29, 2016

Challenge
Share
Tweet
Embed
Score 0/22 Timer 04:00
1 Play Today
% Correct
Home Improvement
95.9%
Get Smart
89.8%
Everybody Loves Raymond
87%
Seinfeld
86.3%
Taxi
86.3%
Bewitched
83.8%
Everybody Hates Chris
83%
Night Court
82.3%
The Brady Bunch
81%
That '70s Show
79.5%
The Larry Sanders Show
75.7%
% Correct
Growing Pains
67.8%
Diff'rent Strokes
63.5%
Family Matters
62.2%
NewsRadio
57.4%
All in the Family
55.4%
Full House
54.5%
Community
53%
Welcome Back, Kotter
52.6%
The Jeffersons
47.6%
Wings
47.4%
Perfect Strangers
21.4%

You're not logged in!

Compare scores with friends on all Sporcle quizzes.
Join for Free
OR
Log In

You Might Also Like...

Show Comments

Extras

Top Quizzes Today


Score Distribution

Your Account Isn't Verified!

In order to create a playlist on Sporcle, you need to verify the email address you used during registration. Go to your Sporcle Settings to finish the process.

Report this User

Report this user for behavior that violates our Community Guidelines.

Details: